| 000 | 05804cam a22019574i 4500 | ||
|---|---|---|---|
| 003 | PE-LiUPU | ||
| 005 | 20250813165618.0 | ||
| 008 | 150625s1986 mx a r 000 0 spa d | ||
| 020 | _a0721632270 | ||
| 020 | _a9780721632278 | ||
| 035 | _a(Sirsi) a30942 | ||
| 040 |
_aPE-LiUPU _bspa _cPE-LiUPU _dPE-LiUPU _erda |
||
| 082 | 0 | 4 |
_a610.73 _bD971986 _221 |
| 082 | 0 | 4 |
_a610.3 _bD97 1986 _221 |
| 100 | 1 |
_aDu Gas, Beverly Witter, _d1923-, _eautor. |
|
| 245 | 1 | 0 |
_aTratado de enfermería práctica / _cBeverly Witter Du Gas, Barbara Marie Du Gas Dymond ; tr. Jorge Orizaga Samperio. |
| 250 | _a4a edición. | ||
| 264 | 1 |
_aMexico : _bInteramericana, _c1986. |
|
| 300 |
_a731 páginas : _bilustraciones ; _c30 centímetros |
||
| 336 |
_atext _2rdacontent |
||
| 337 |
_aunmediated _2rdamedia |
||
| 338 |
_avolume _2rdacarrier |
||
| 505 | 0 | _aCuidados de la salud y práctica de la enfermería -- El proceso de enfermería -- Satisfacción de las necesidades básicas. | |
| 526 | _aP203 | ||
| 526 | _aP200 | ||
| 526 | _aSEG65 | ||
| 526 | _aSEG64 | ||
| 526 | _aSEG63 | ||
| 526 | _aSEG62 | ||
| 526 | _aSEG61 | ||
| 526 | _aSEG60 | ||
| 526 | _aSEG59 | ||
| 526 | _aSEG58 | ||
| 526 | _aSEG57 | ||
| 526 | _aSEG56 | ||
| 526 | _aSEG55 | ||
| 526 | _aSEG54 | ||
| 526 | _aSEG53 | ||
| 526 | _aSEG52 | ||
| 526 | _aSEG51 | ||
| 526 | _aSEG50 | ||
| 526 | _aSEG49 | ||
| 526 | _aSEG48 | ||
| 526 | _aSEG47 | ||
| 526 | _aSEG46 | ||
| 526 | _aSEG24 | ||
| 526 | _aSEG23 | ||
| 526 | _aSEG22 | ||
| 526 | _aSEG21 | ||
| 526 | _aSEG20 | ||
| 526 | _aSEG19 | ||
| 526 | _aSEG18 | ||
| 526 | _aSEG17 | ||
| 526 | _aSEG16 | ||
| 526 | _aSEG14 | ||
| 526 | _aSEG13 | ||
| 526 | _aSEG12 | ||
| 526 | _aSEG11 | ||
| 526 | _aSEG10 | ||
| 526 | _aSEG09 | ||
| 526 | _aSEG06 | ||
| 526 | _aSEG05 | ||
| 526 | _aSEG04 | ||
| 526 | _aSEG03 | ||
| 526 | _aSEG02 | ||
| 526 | _aSEG68 | ||
| 526 | _aSEG66 | ||
| 526 | _aSEG45 | ||
| 526 | _aSEG25 | ||
| 526 | _aSEG01 | ||
| 526 | _aP163 | ||
| 526 | _aP162 | ||
| 526 | _aP161 | ||
| 526 | _aP160 | ||
| 526 | _aP159 | ||
| 526 | _aP158 | ||
| 526 | _aP157 | ||
| 526 | _aP156 | ||
| 526 | _aP155 | ||
| 526 | _aP154 | ||
| 526 | _aP153 | ||
| 526 | _aP152 | ||
| 526 | _aP151 | ||
| 526 | _aP150 | ||
| 526 | _aP149 | ||
| 526 | _aP142 | ||
| 526 | _aP141 | ||
| 526 | _aP140 | ||
| 526 | _aP139 | ||
| 526 | _aP138 | ||
| 526 | _aP137 | ||
| 526 | _aP132 | ||
| 526 | _aP131 | ||
| 526 | _aP130 | ||
| 526 | _aP126 | ||
| 526 | _aP125 | ||
| 526 | _aP124 | ||
| 526 | _aP123 | ||
| 526 | _aP115 | ||
| 526 | _aP122 | ||
| 526 | _aP121 | ||
| 526 | _aP116 | ||
| 526 | _a P114 | ||
| 526 | _aP112 | ||
| 526 | _aP111 | ||
| 526 | _aP104 | ||
| 526 | _aP103 | ||
| 526 | _aP102 | ||
| 526 | _aP101 | ||
| 526 | _aP100 | ||
| 526 | _aP96 | ||
| 526 | _aP95 | ||
| 526 | _aP93 | ||
| 526 | _aP92 | ||
| 526 | _aP91 | ||
| 526 | _aP88 | ||
| 526 | _aP83 | ||
| 526 | _aP82 | ||
| 526 | _aP79 | ||
| 526 | _aP78 | ||
| 526 | _aP75 | ||
| 526 | _aP74 | ||
| 526 | _aP71 | ||
| 526 | _aP69 | ||
| 526 | _a P51 | ||
| 526 | _aP49 | ||
| 526 | _aP48 | ||
| 526 | _aP47 | ||
| 526 | _aP33 | ||
| 526 | _aP31 | ||
| 526 | _a P30 | ||
| 526 | _aP29 | ||
| 526 | _aP27 | ||
| 526 | _aP26 | ||
| 526 | _aP25 | ||
| 526 | _aP24 | ||
| 526 | _a P22 | ||
| 526 | _aP10 | ||
| 526 | _aP09 | ||
| 526 | _a P08 | ||
| 526 | _aP06 | ||
| 526 | _aP05 | ||
| 526 | _aP04 | ||
| 526 | _aP01 | ||
| 541 | _g001-00003175; | ||
| 650 | 0 | 4 |
_aEnfermería. _93122 |
| 650 | 0 | 4 | _aEnfermería práctica. |
| 700 | 1 |
_aDu Gas, Barbara Marie, _eautor. |
|
| 700 | 1 |
_aOrizaga Samperio, Jorge, _etraductor. |
|
| 910 |
_btqv _caic _d20170126 |
||
| 942 |
_2ddc _cBOOK |
||
| 949 |
_a610.73 D97 1986 _wDEWEY _c1 _i38180 _lCCODEBUL1 _mBUL _p00.00 _r0 _sY _tBOOK _u2015-06-25 _xBIBLIOTECA _zUNKNOWN _0COMPRA _o.STAFF. Colección General |
||
| 949 |
_a610.3 D97 1986 _wDEWEY _c1 _iFJ06078 _lCCODEBUJ1 _mBUJ _p15.00 _r0 _sY _tBOOK _u2017-01-26 _xSALUD _PP22 _0COMPRA _o.STAFF. Colección General Juliaca |
||
| 949 |
_a610.3 D97 1986 _wDEWEY _c2 _iFJ06080 _lCCODEBUJ1 _mBUJ _p15.00 _r0 _sY _tBOOK _u2017-01-26 _xSALUD _PP22 _0COMPRA _o.STAFF. Colección General Juliaca |
||
| 949 |
_a610.3 D97 1986 _wDEWEY _c3 _iFJ06081 _lCCODEBUJ1 _mBUJ _p15.00 _r0 _sY _tBOOK _u2017-01-26 _xSALUD _PP22 _0COMPRA _o.STAFF. Colección General Juliaca |
||
| 949 |
_a610.3 D97 1986 _wDEWEY _c4 _iFJ06082 _lCCODEBUJ1 _mBUJ _p15.00 _r0 _sY _tBOOK _u2017-01-26 _xSALUD _PP22 _0COMPRA _o.STAFF. Colección General Juliaca |
||
| 596 | _a1 3 | ||
| 999 |
_a610.73 D97 _wDEWEY _c38441 _i38180 _f2019-12-11 _g4 _lDISCARD _mBUL _r1 _sY _tBOOK _u2015-6-25 _xSALUD _zUNKNOWN _0COMPRA _o.STAFF. Colección General _d38441 |
||
| 999 |
_a610.73 D97 _wDEWEY _c2 _i33925 _d2019-5-9 _e2019-4-14 _f2021-11-3 _g4 _lCCODEBUL1 _mBUL _n2 _p15.00 _q1 _r0 _sY _tBOOK _u2017-2-27 _xSALUD _zP22 _0COMPRA _o.STAFF. Colección Ciencias de la Salud |
||
| 999 |
_a610.3 D97 1986 _wDEWEY _c1 _iFJ06078 _d2018-4-16 _e2018-3-20 _f2022-1-25 _g2 _lCCODEBUJ1 _mBUJ _n1 _p15.00 _r0 _sY _tBOOK _u2017-1-26 _xSALUD _PP22 _0COMPRA _o.STAFF. Colección General Juliaca |
||
| 999 |
_a610.3 D97 1986 _wDEWEY _c2 _iFJ06080 _f2022-1-25 _g3 _lCCODEBUJ1 _mBUJ _p15.00 _r0 _sY _tBOOK _u2017-1-26 _xSALUD _PP22 _0COMPRA _o.STAFF. Colección General Juliaca |
||
| 999 |
_a610.3 D97 1986 _wDEWEY _c3 _iFJ06081 _f2022-1-25 _g3 _lCCODEBUJ1 _mBUJ _p15.00 _r0 _sY _tBOOK _u2017-1-26 _xSALUD _PP22 _0COMPRA _o.STAFF. Colección General Juliaca |
||
| 999 |
_a610.3 D97 1986 _wDEWEY _c4 _iFJ06082 _f2022-1-25 _g3 _lCCODEBUJ1 _mBUJ _p15.00 _r0 _sY _tBOOK _u2017-1-26 _xSALUD _PP22 _0COMPRA _o.STAFF. Biblioteca General Juliaca |
||
| 980 |
_81 _gALBERTO SANCHEZ Responsable de Automatización |
||